Where Was I Born? Female Actors 7-to-1 Quiz Stats

 Plays Quiz not verified by Sporcle

Score 0/28 Timer 06:00
2 Plays Today
% Correct
Cate Blanchett
80.7%
Margot Robbie
73%
Emma Thompson
72.4%
Marion Cotillard
70.8%
Catherine Deneuve
68.7%
Reese Witherspoon
67%
Ellen Page
64.1%
Rachel McAdams
63.2%
Toni Collette
57.9%
Scarlett Johansson
57.4%
Elizabeth Banks
55%
Bette Davis
52.8%
Rose Byrne
51.6%
Maureen O'Hara
51.4%
% Correct
Neve Campbell
51.4%
Evangeline Lilly
48.3%
Carrie-Anne Moss
45%
Portia de Rossi
44.8%
Rosamund Pike
42.6%
Tilda Swinton
41.9%
Aubrey Plaza
41%
Rachel Weisz
40%
Mia Wasikowska
39.3%
Sandra Oh
38.4%
Lucy Lawless
38.3%
Miranda Otto
37.9%
Emma Watson
34.2%
Fiona Shaw
33.4%

You're not logged in!

Compare scores with friends on all Sporcle quizzes.
OR
Log In

You Might Also Like...

Show Comments

Extras

Top Quizzes Today


Score Distribution

Your Account Isn't Verified!

In order to create a playlist on Sporcle, you need to verify the email address you used during registration. Go to your Sporcle Settings to finish the process.

Report this User

Report this user for behavior that violates our Community Guidelines.

Details: